NBA players by there nicknames - Statistics

General Stats
  • This quiz has been taken 1,009 times
    1,001 since last reset
  • The average score is 45 of 70
Answer Stats
Nickname Player % Correct
The King LeBron James
95%
Joker Nikola Jokic
95%
Black Mamba Kobe Bryant
93%
The Big Diesel Shaquille O'Neal
92%
Greak Freek Giannis Antetokounmpo
91%
His Airness Michael Jordan
91%
The Beard James Harden
90%
The Logo Jerry West
89%
Uncle Drew Kyrie Irving
89%
Baby Face Stephen Curry
88%
The Answer Allen Iverson
86%
Magic Earvin Johnson
86%
Dr J Julius Erving
86%
Grandmama Larry Johnson
85%
Granmama Larry Johnson
85%
Penny Anfernee Hardaway
84%
The Dream Hakeem Olajuwon
84%
Mailman Karl Malone
84%
The Klaw Kawhi Leonard
83%
The Truth Paul Pierce
82%
Pistol Pete Pete Maravich
82%
Big Fundamental Tim Duncan
82%
Linsanity Jeremy Lin
81%
The Chairman of the Board Moses Malone
80%
Unibrow Anthony Davis
79%
The Admiral David Robinson
79%
Spida Donovan Mitchell
79%
Superman Dwight Howard
78%
Air Canada Vince Carter
78%
Slim Reaper Kevin Durant
77%
White Chocolate Jason Williams
76%
The Glove Gary Payton
75%
Big Ticket Kevin Garnett
75%
Brodie Russell Westbrook
74%
The Worm Dennis Rodman
71%
Flash Dwyane Wade
71%
Boogie DeMarcus Cousins
69%
Chuckster Charles Barkley
68%
Ant-Man Anthony Edwards
66%
The Stilt Wilt Chamberlain
65%
Big Ben Ben Wallace
64%
Big O Oscar Robertson
64%
The Glide Clyde Drexler
60%
AK47 Andrei Kirilenko
58%
Agent 0 Gilbert Arenas
57%
Swaggy P Nick Young
57%
TP Tony Parker
57%
The Knick Killer Reggie Miller
55%
Big Shot Rob Robert Horry
53%
Jesus Ray Allen
51%
Human Highlight Film Dominique Wilkins
48%
J-crossover Jamal Crawford
48%
Earl The Pearl Earl Monroe
47%
The Iceman George Gervin
47%
Big Game James James Worthy
47%
Zibo Zach Randolph
44%
Gobzilla Rudy Gobert
43%
Wunderkid Dirk Nowitzki
42%
Zo Alonzo Mourning
40%
Spicy P Pascal Siakam
35%
The Jet Kenny Smith
34%
Hondo John Havlicek
32%
Gold Hand Larry Bird
31%
Baby Face Assassin Isiah Thomas
27%
The Rain Man Shawn Kemp
27%
Matrix Shawn Marion
27%
Mr Big Shot Chauncey Billups
25%
The Chief Robert Parish
24%
The Gentleman Joe Dumars
14%
Skip To My Lou Rafer Alston
14%
No matching quizzes found
Score Distribution
Percent of People with Each Score
Percentile by Number Answered
Your Score History
You have not taken this quiz since the last reset